banner-ar

CONSTRUCTION MATERIALS: THEIR NATURE AND BEHAVIOUR / (Record no. 19761)

MARC details
000 -الفاتح
حقل البيانات ثابتة الطول 00495nam a2200181Ia 4500
008 - عناصر البيانات ثابتة الطول - معلومات عامة
حقل البيانات ثابتة الطول 140319s9999 xx 000 0 eng d
040 ## - مصدر الفهرسة
وكالة الفهرسة الأصلية GCL /
وكالة النسخ GCL
082 04 - رقم تصنيف ديوى العشرى
رقم التصنيف 624.092
رقم المادة I C
100 1# - المدخل الرئيسى - إسم شخصى
الإسم الشخصى IUSTON J.M.
245 10 - بيان العنوان
العنوان CONSTRUCTION MATERIALS: THEIR NATURE AND BEHAVIOUR /
بيان المسئوليه,etc IUSTON J.M.
260 ## - PUBLICATION, DISTRIBUTION, ETC. (IMPRINT)
تاريخ النشر أو التوزيع 1994
300 ## - الوصف المادى
التعداد 518 P
650 04 - المدخل الاضافى بالموضوع-مصطلح موضوعى
مصطلح موضوعي التحليل الرياضى
650 04 - المدخل الاضافى بالموضوع-مصطلح موضوعى
مصطلح موضوعي CIVIL ENGINEERING
650 04 - المدخل الاضافى بالموضوع-مصطلح موضوعى
مصطلح موضوعي CONSTRUCTION
942 ## - عناصر المدخل الإضافي( كوها)
مصدر التصنيف او مخطط الترفيف Dewey Decimal Classification
Koha [default] item type كتاب
260 ## - PUBLICATION, DISTRIBUTION, ETC. (IMPRINT)
-- [S.N] :
-- E & FN SPON ،
Holdings
حالة التراجع حالة الفقد حالة تلف ليس للاعارة المكان المؤقت الموقع الحالى تاريخ الاكتساب اجمالي اﻻعارات رقم الطلب الباركود تاريخ اخر مشاهدة تاريخ تفعيل السعر نوع وعاء كوها
        مكتبة القاهرة الكبرى مكتبة القاهرة الكبرى 03/26/2014   624.092\I C 37478 03/26/2014 03/26/2014 كتاب

Powered By

EGPV